000 00594nam a2200205Ia 4500
005 20260429112057.0
008 260429s9999||||xx |||||||||||||| ||und||
020 _a9788126941865
041 _aEnglish
082 _a294.5530
_bSIN
100 _aSingh Virk, Hardev
245 0 _aGuru Nanak and the Sikh religion :
_ban anthology of critical essays /
_cHardev Singh Virk
250 _a1st ed.
260 _aNew Delhi :
_bAtlantic Publishers and Distributors,
_c2025.
300 _ax, 149 p.; pbk
650 _a Essays
650 _a Guru Nanak
650 _aSikh religion
942 _cTB
999 _c52231
_d52231